00331pab a2200133 454500008004000000100002300040245004000063260000900103300001300112362000800125650003000133650002200163773001200185180718b2015 xxu||||| |||| 00| 0 eng d aDeshpande, Ashwini aFrom formal to substantive equality c2015 ap.60-64. aAug aSocial inequality - India aSocial inequality aSeminar